Gros plans célèbres du cinéma - Statistiques

Statistiques générales
  • Ce quiz a été pris 232 fois
  • Le résultat moyen est 11 sur 20
Statistiques - réponses
Par images Réponse % Correct
Shining
98%
Oppenheimer
91%
Inception
89%
Le Silence des Agneaux
83%
The Revenant
83%
Orange Mécanique
75%
American Psycho
73%
Se7en
73%
Get Out
72%
Psychose
70%
Requiem for a Dream
58%
Le Projet Blair Witch
49%
Midsommar
49%
Toy Story 2
46%
Le Bon, la Brute et le Truand
37%
Memories of Murder
36%
Las Vegas Parano
28%
Evil Dead 2
15%
Brazil
11%
Le Cuirassé Potemkine
4%
Aucun quiz correspondant
Distribution des résultats
% des personnes avec chaque résultat
Percentile par nombre de réponses
Votre historique - résultats
Vous n’avez pas pris ce quiz